Science Quiz

Random Science Quiz

Birds Quiz 2 Stats

 Plays Quiz not verified by Sporcle

Challenge
Share
Tweet
Score 0/6 Timer 10:00
0 Plays Today
% Correct
Rock Dove
100%
Southern Cassowary
95.2%
Rainbow Lorikeet
92.9%
American Flamingo
90.5%
Atlantic Puffin
88.1%
Anna's Hummingbird
81%

You're not logged in!

Compare scores with friends on all Sporcle quizzes.
OR
Log In

You Might Also Like...

Show Comments

Extras

Created Feb 17, 2017ReportNominate
Tags:bird

Top Quizzes Today


Score Distribution

Your Account Isn't Verified!

In order to create a playlist on Sporcle, you need to verify the email address you used during registration. Go to your Sporcle Settings to finish the process.

Report this User

Report this user for behavior that violates our Community Guidelines.

Details: